[Event "45th Olympiad 2024"]
[Site "Budapest HUN"]
[Date "2024.09.15"]
[Round "5.70"]
[Board "4"]
[White "Khayat, Emad"]
[Black "Linn Phone Myat"]
[Result "0-1"]
[WhiteElo "1907"]
[BlackElo "1763"]
[PlyCount "110"]
[EventDate "2024.09.11"]
[WhiteTeam "Saudi Arabia"]
[BlackTeam "Myanmar"]
[WhiteTeamCountry "SAU"]
[BlackTeamCountry "MYA"]

1. d4 Nf6 2. Nf3 e6 3. c4 Bb4+ 4. Bd2 Qe7 5. g3 b6 6. Bg2 Bb7 7. O-O Bxd2 8. Qxd2 O-O 9. Nc3 d6 10. Qc2 Nbd7 11. e4 e5 12. Nd5 ({RR} 12. Rfe1 Rfe8 13. Rad1 a6 14. b3 g6 15. Qc1 Kg7 16. h4 exd4 17. Nxd4 Rab8 18. Nd5 Nxd5 19. cxd5 Ne5 20. h5 Ng4 21. f3 Nf6 22. h6+ Kg8 23. Qa1 Qf8 24. Qc1 Nd7 25. Qxc7 Nc5 26. Qxb6 Bxd5 {1-0 Kasparov,G (2825)-Akopian,V (2660) Internet blitz 5' 1998}) 12... Bxd5 $146 ({RR} 12... Qd8 13. dxe5 dxe5 14. Rfd1 Nxd5 15. exd5 f5 16. b4 Qe7 17. a3 g6 18. Rac1 c5 19. d6 Qg7 20. Ng5 Bxg2 21. Kxg2 Rf6 22. Qd2 Kh8 23. Qd5 Re8 24. Qb7 h6 25. Nh3 f4 26. bxc5 Nxc5 27. d7 {0-1 Ansorena,J (1925)-Montoya Irigoyen,I (2130) Absoluto Preferente 1999 (1)}) ({RR} 12... Nxd5 13. cxd5 exd4 14. Nxd4 Rfc8 15. b4 a5 16. a3 Ba6 17. b5 Bb7 18. Bh3 Nc5 19. Bxc8 Bxc8 20. Rfe1 Bh3 21. f4 f6 22. Nb3 a4 23. Nxc5 bxc5 24. Qc4 g5 25. Qe2 gxf4 26. gxf4 Kh8 27. Kf2 {1-0 Rangel,D (2207)-Chaves,J (1855) Rio de Janeiro Guanabara op 1st 2022 (5)}) ({RR} 12... Nxd5 13. cxd5 Rac8 14. dxe5 dxe5 15. Rfd1 Rfd8 16. Qd2 Nf6 17. Nh4 g6 18. Qd3 Rd6 19. Qa3 a6 20. Rd2 Rcd8 21. Rc1 Ne8 22. Nf3 Kg7 23. Qc3 f6 24. Qa3 Qd7 25. Rdc2 c6 26. dxc6 Rd1+ 27. Bf1 {1-0 Forestier,C (2121)-Wilson,A (2083) FRA-chT1 0910 2009 (3.8)}) ({RR} 12... Nxd5 13. cxd5 Rfc8 14. dxe5 dxe5 15. Bh3 f6 16. Rfd1 Kh8 17. Rac1 a5 18. Qd2 Qd6 19. Nh4 g6 20. Nxg6+ hxg6 21. Qh6+ {1-0 Shalimov,V (2426)-Kruglyakov,P (2242) Kiev Independence Cup-A 5th 2005 (1)}) 13. cxd5 Rac8 14. Rfe1 Rfe8 15. b4 Qd8 16. Rac1 h6 17. Qa4 a5 18. bxa5 exd4 19. axb6 Nxb6 20. Qxd4 Ra8 21. Rc2 Ra4 22. Qd1 Raxe4 23. Rxe4 Nxe4 24. Bf1 Nc5 25. Bb5 Re4 26. Nd4 Qe7 27. Kg2 Qe5 28. Rd2 Re1 29. Qf3 Qxd5 30. Qxd5 Nxd5 31. Bc6 Nb4 32. a3 Nxc6 33. Nxc6 Kf8 34. Ra2 Ke8 35. a4 Kd7 36. Nb8+ Kc8 37. Nc6 Re4 38. a5 Ra4 39. Rb2 Na6 40. Ne7+ Kd7 41. Nf5 Rxa5 42. g4 h5 43. h3 hxg4 44. hxg4 g6 45. Nh6 Ke6 46. f4 f5 47. Re2+ Kd7 48. g5 Nc5 49. Ng8 Ra4 50. Re7+ Kc6 51. Rg7 Ne6 52. Ne7+ Kb7 53. Rg8 Rxf4 54. Rxg6 Rg4+ 55. Kf3 Nxg5+ 0-1

[Event "45th Olympiad 2024"]
[Site "Budapest HUN"]
[Date "2024.09.15"]
[Round "5.71"]
[Board "1"]
[White "Prudente, Elmer"]
[Black "Njoroge, Martin"]
[Result "0-1"]
[WhiteElo "1949"]
[BlackElo "1972"]
[PlyCount "128"]
[EventDate "2024.09.11"]
[WhiteTeam "Guam"]
[BlackTeam "Kenya"]
[WhiteTeamCountry "GMA"]
[BlackTeamCountry "KEN"]

1. e4 c5 2. Nf3 d6 3. d4 cxd4 4. Nxd4 Nf6 5. Nc3 a6 6. Bg5 e6 7. Qd2 Qc7 8. Bxf6 gxf6 9. O-O-O Bd7 10. f4 Nc6 11. Be2 h5 12. Kb1 ({RR} 12. Rhf1 O-O-O 13. Kb1 Kb8 14. Nb3 Be7 15. Qe3 Rc8 16. Rd2 Na5 17. Rf3 Nc4 18. Bxc4 Qxc4 19. a3 Rhg8 20. Qf2 Qc7 21. Rh3 Rh8 22. Qe2 Qc4 23. Rdd3 h4 24. Qf2 Rcg8 25. Nd2 Qc6 26. Nf3 Rg4 {0-1 Levine,J (2372)-Grigoryan,K (2573) 1000GM Independence Day 2024 (1.2)}) 12... O-O-O 13. Bf3 ({RR} 13. Nb3 Kb8 14. Rhf1 Be7 15. Rf3 Rdg8 16. Bf1 Na5 17. Qf2 Nxb3 18. axb3 Rc8 19. f5 Qc5 20. Qe1 Qe5 21. g3 h4 22. gxh4 Qxh2 23. Rh3 Qe5 24. Bd3 Bc6 25. Qf2 Qc5 26. Qxc5 dxc5 27. fxe6 fxe6 {½-½ Caruana,F (2765)-Svidler,P (2709) Lindores Abbey Blitz Tal Memorial 2021 (9.2)}) 13... Be7 14. Rhe1 $146 ({RR} 14. Nxc6 Bxc6 15. h4 Rdg8 16. Ne2 Kb8 17. Nd4 Bd7 18. Qe2 Rc8 19. c3 Qc5 20. f5 exf5 21. exf5 Bxf5+ 22. Ka1 Rce8 23. Nxf5 Qxf5 24. Qc4 Rc8 25. Qxf7 Rc7 26. Rd5 Qc2 27. Rxh5 Rhc8 28. Qb3 Qg6 {1-0 Ochsner,B (2165)-Olofsson Dolk,M (1949) Politiken Cup 32nd 2010 (5)}) 14... Kb8 15. Nxc6+ Bxc6 16. Qe2 Qa5 17. f5 h4 18. fxe6 fxe6 19. Qc4 Bd7 20. Bg4 Rc8 21. Qb3 Qe5 22. Nd5 Bd8 23. Ne3 Bc7 24. h3 Rhe8 25. Bf3 Bc6 26. a3 Qc5 27. Qb4 Ba5 28. Qxc5 dxc5 29. Rf1 Rcd8 30. c3 Bc7 31. Kc2 Bf4 32. Rfe1 e5 33. Nf5 c4 34. b3 cxb3+ 35. Kxb3 Kc7 36. Ng7 Re7 37. Rxd8 Kxd8 38. Rd1+ Kc7 39. Nf5 Rh7 40. Rd6 Bg5 41. a4 a5 42. Re6 Bd7 43. Re7 Rxe7 44. Nxe7 Be6+ 45. c4 Kd6 46. Nd5 Kc5 47. Kc3 f5 48. Kd3 b6 49. Be2 Bd7 50. Bd1 Bd8 51. Ne3 fxe4+ 52. Kxe4 Kb4 53. Nd5+ Kxc4 54. Kxe5 b5 55. axb5 Bxb5 56. Ne3+ Kd3 57. Nf5 Kd2 58. Bb3 a4 59. Ba2 Bf1 60. Kf4 Kc3 61. Ne3 Bd3 62. Bd5 Bb6 63. Nd1+ Kc2 64. Nf2 Bxf2 0-1

[Event "45th Olympiad 2024"]
[Site "Budapest HUN"]
[Date "2024.09.15"]
[Round "5.71"]
[Board "2"]
[White "Kanegeni, Matthew Kamau"]
[Black "Mafnas, Peter"]
[Result "1-0"]
[WhiteElo "1976"]
[BlackElo "1886"]
[PlyCount "107"]
[EventDate "2024.09.11"]
[WhiteTeam "Kenya"]
[BlackTeam "Guam"]
[WhiteTeamCountry "KEN"]
[BlackTeamCountry "GMA"]

1. e4 c6 2. d4 d5 3. exd5 cxd5 4. c4 Nf6 5. Nc3 e6 6. c5 Nc6 7. Nf3 Be7 8. Bb5 O-O 9. O-O Nd7 ({RR} 9... Qc7 10. Re1 Bd7 11. Bg5 b6 12. Na4 bxc5 13. Bxf6 Bxf6 14. Nxc5 Be8 15. Rc1 Qb6 16. Bxc6 Bxc6 17. Qd2 Rfc8 18. Rc3 Be8 19. Ne5 Qa5 20. a3 Rc7 21. Ng4 Be7 22. Qf4 Rac8 23. b4 Qb6 24. Rg3 {0-1 Adnoy,H (2303)-Tallaksen,L (2312) TCh-NOR Elite 2023-24 (8.44)}) 10. Bf4 a6 11. Qa4 $146 ({RR} 11. Ba4 b5 12. Bc2 b4 13. Ne2 a5 14. Re1 Ba6 15. Ng3 g6 16. Ba4 Qc8 17. Qd2 Qb7 18. Bd6 Rfe8 19. Bxe7 Rxe7 20. Qh6 Bb5 21. Bc2 f6 22. Re3 Nf8 23. Qf4 Rf7 24. Rae1 e5 25. dxe5 fxe5 {1-0 Erigaisi,A (2633)-Martinez Alcantara,J (2598) Titled Tuesday intern op 08th Feb Early blitz 2022 (4)}) 11... Na7 12. Bd3 Nc6 13. Rfe1 Bf6 14. Rad1 g6 15. Bd6 Be7 16. Bxe7 Nxe7 17. b4 Nf6 18. Ne5 Bd7 19. Qc2 Nc6 20. Nxc6 bxc6 21. a4 Qc7 22. g3 Ng4 23. Qe2 f5 24. f3 Nh6 25. Bxa6 Nf7 26. Bd3 Ng5 27. Kg2 Nf7 28. b5 Qa5 29. Qb2 Rfe8 30. bxc6 Bxc6 31. Bb5 Rab8 32. Qd2 Qc7 33. Qf4 Qd7 34. h4 Kg7 35. Rb1 Rbc8 36. Bxc6 Rxc6 37. Rb5 e5 38. dxe5 d4 39. Na2 Rce6 40. Nb4 Nxe5 41. Rxe5 Rxe5 42. c6 Re2+ 43. Kh3 Qe6 44. Qxd4+ Kh6 45. Qf4+ Kg7 46. Rb7+ Kh8 47. Qd4+ Qe5 48. Qxe5+ R2xe5 49. c7 Rc8 50. Nc6 Ree8 51. a5 Ra8 52. Rb8 Rc8 53. Rxa8 Rxa8 54. Nb8 1-0

[Event "45th Olympiad 2024"]
[Site "Budapest HUN"]
[Date "2024.09.15"]
[Round "5.71"]
[Board "3"]
[White "Combs, Daniel"]
[Black "Wanasunia, Elvis Likoko"]
[Result "0-1"]
[WhiteElo "1688"]
[BlackElo "1942"]
[PlyCount "54"]
[EventDate "2024.09.11"]
[WhiteTeam "Guam"]
[BlackTeam "Kenya"]
[WhiteTeamCountry "GMA"]
[BlackTeamCountry "KEN"]

1. e4 c5 2. Nf3 e6 3. d4 cxd4 4. Nxd4 a6 5. Nc3 Nf6 6. Bc4 ({RR} 6. Rg1 b5 7. g4 Bb7 8. Bg2 d6 9. a3 Qc7 10. Qe2 {½-½ Fressinet,L (2440)-Relange,E (2452) FRA-ch Final stage 1999 (1.1)}) 6... Qc7 ({RR} 6... Bc5 7. Nf3 Qb6 8. O-O Ng4 9. Be3 Bxe3 10. fxe3 Nxe3 11. Qd3 Ng4+ 12. Rf2 Qxf2+ 13. Kh1 Ne3 14. Rg1 Nc6 15. Nd1 Nxd1 16. Rxd1 d5 17. exd5 exd5 18. Qxd5 O-O 19. Rf1 Qe3 20. Nh4 Be6 21. Qd3 {0-1 Carvalho,T-Arruda,L (1913) Corumba Rodrigues de Souza Memorial 2nd 2018 (5.2)}) 7. Bb3 Bb4 8. Nde2 $146 ({RR} 8. Qd3 b5 9. f3 Bb7 10. Be3 d5 11. exd5 Bxd5 12. O-O Bb7 13. Rfe1 O-O 14. Rad1 Bd6 15. h3 Bh2+ 16. Kh1 Bg3 17. Rf1 Nc6 18. Nxc6 Qxc6 19. Qe2 Bb8 20. Qd3 Qc7 21. Bg1 b4 22. Ne2 a5 {0-1 Lopez,J-Agudelo,C (2113) Cartago op 2010 (6)}) ({RR} 8. Bd2 Bxc3 9. Bxc3 Nxe4 10. Ne2 Nxc3 11. Nxc3 Nc6 12. O-O b5 13. Ne4 Na5 14. Rc1 Ke7 15. Qd2 f6 16. Rfd1 d5 17. Qb4+ Kf7 18. Nd6+ Kg8 19. Nf5 Kf7 20. Nd6+ Kg8 21. Rd3 Nc4 22. Bxc4 bxc4 {1-0 Farias Callejas,W-Romero Moya,E Cabure-ch Gobernadora de Falcon 2012 (4)}) ({RR} 8. O-O Bxc3 9. bxc3 Nxe4 10. Qg4 Qe5 11. Bf4 h5 12. Qf3 Qc5 13. Qxe4 d6 14. Ba4+ Kf8 15. Rfe1 g5 16. Be3 Qc7 17. Bxg5 b5 18. Bb3 Bb7 19. Nxe6+ fxe6 20. Qxe6 {1-0 Mir Vinas,P (1970)-Torres Maiquez,S (2082) Foment Martinenc op-B 16th 2014 (2)}) 8... Nc6 9. f3 b5 10. Be3 Bb7 11. O-O O-O 12. Qd2 Rad8 13. Rad1 d5 14. Qc1 dxe4 15. Nxe4 Nxe4 16. fxe4 Na5 17. Ng3 Nxb3 18. axb3 Bd6 19. Bf2 Bf4 20. Qb1 h5 21. Nxh5 Bxh2+ 22. Kh1 Qe5 23. Nxg7 Kxg7 24. Bd4 Rxd4 25. Rxd4 Rh8 26. Qd1 Bf4+ 27. Kg1 Be3+ 0-1

[Event "45th Olympiad 2024"]
[Site "Budapest HUN"]
[Date "2024.09.15"]
[Round "5.71"]
[Board "4"]
[White "Mutuge Ian"]
[Black "Doria, Daniel"]
[Result "1-0"]
[WhiteElo "1938"]
[BlackElo "1745"]
[PlyCount "83"]
[EventDate "2024.09.11"]
[WhiteTeam "Kenya"]
[BlackTeam "Guam"]
[WhiteTeamCountry "KEN"]
[BlackTeamCountry "GMA"]

1. e4 e5 2. Nf3 Nc6 3. Bb5 a6 4. Ba4 Nf6 5. O-O b5 6. Bb3 Bc5 7. c3 d6 8. d4 exd4 9. cxd4 Bb6 10. h3 O-O ({RR} 10... h6 11. Nc3 O-O 12. Re1 Bb7 13. Bc2 Re8 14. Bf4 Nb4 15. Bb1 Nc6 16. Qd3 Nb4 17. Qd2 Nc6 18. a3 Re7 19. Bc2 Re8 20. Rad1 Na5 21. Bxh6 gxh6 22. Qxh6 Re6 23. Ng5 Qf8 24. Qh4 Qg7 25. Re3 {1-0 Shaposhnikov,E (2532)-Kruzhilin,A Saratov Region-ch 2011 (5)}) 11. Nc3 Bb7 ({RR} 11... Na5 12. Bc2 c5 13. Bg5 h6 14. Bh4 g5 15. Bg3 g4 16. dxc5 Bxc5 17. hxg4 Bxg4 18. Bh4 Be6 19. e5 dxe5 20. Qxd8 Rfxd8 21. Bxf6 {1-0 Scekic,V (2206)-Vukovic,K (1904) 76th ch-MNE 2024 (8.17)}) 12. e5 $146 ({RR} 12. Re1 h6 13. a4 b4 14. Nd5 Nxd5 15. Bxd5 Na5 16. Bxb7 Nxb7 17. b3 f5 18. exf5 Rxf5 19. Qd3 Qf6 20. Ra2 Rf8 21. Rae2 Rxf3 22. Qxf3 Qxf3 23. gxf3 Bxd4 24. Bb2 Bxb2 25. Rxb2 Rxf3 26. Kg2 Rf7 {0-1 Bojkovic,N (2410)-Bjelajac Prokopovic,O (2080) YUG-chT Cup (Women) 1994 (1)}) ({RR} 12. Re1 h6 13. a3 Re8 14. Bf4 Na5 15. Bc2 Nc6 16. Qd3 b4 17. Nd5 bxa3 18. bxa3 a5 19. Nxb6 cxb6 20. e5 dxe5 21. Nxe5 Qxd4 22. Nxc6 Qxd3 23. Bxd3 Bxc6 24. Be3 Nd5 25. Bd2 Kf8 26. Be4 Re6 {½-½ Marcinkowski,P-Niespielak,O POL-ch U12 Kolobrzeg 2001}) ({RR} 12. a3 h6 13. e5 dxe5 14. dxe5 Nh7 15. Nd5 Na5 16. Ba2 Ba7 17. Bf4 c6 18. Ne3 c5 19. Qe2 c4 20. Rad1 Bxf3 21. Qxf3 Qe8 22. Nd5 Rc8 23. Bb1 Nc6 24. Rfe1 Qe6 25. g4 Ne7 26. Bf5 Nxf5 {1-0 Valenti,G (2150)-Wynarczyk,R (1997) Arco op 38th 2016 (2)}) 12... dxe5 13. dxe5 Nd7 14. e6 Nde5 15. Nxe5 Nxe5 16. Qxd8 Rfxd8 17. Bf4 Nc4 18. exf7+ Kxf7 19. a4 Kf8 20. Bxc4 bxc4 21. a5 Bc5 22. Ra4 Bd6 23. Rxc4 Rd7 24. Rd1 Rad8 25. Bg5 Re8 26. Bf4 Red8 27. Bxd6+ cxd6 28. Nd5 Rf7 29. Nb6 d5 30. Rcd4 Rf5 31. Rc1 Rf6 32. Rc7 Bc6 33. Ra7 Rf7 34. Rxf7+ Kxf7 35. Kf1 Re8 36. Nxd5 Re5 37. Nb4 Bb5+ 38. Kg1 Re2 39. Nd3 Kf6 40. b4 Rc2 41. Nc5 Rc4 42. Rxc4 1-0

[Event "45th Olympiad 2024"]
[Site "Budapest HUN"]
[Date "2024.09.15"]
[Round "5.72"]
[Board "1"]
[White "Chinasamy, Devarajen"]
[Black "Barcon, Harmon"]
[Result "1/2-1/2"]
[WhiteElo "1975"]
[BlackElo "1968"]
[PlyCount "46"]
[EventDate "2024.09.11"]
[WhiteTeam "Mauritius"]
[BlackTeam "Liberia"]
[WhiteTeamCountry "MRI"]
[BlackTeamCountry "LBR"]

1. d4 d5 2. Nc3 Nf6 3. Bf4 a6 4. e3 e6 5. g4 Bb4 6. Nge2 Ne4 ({RR} 6... O-O 7. a3 Be7 8. g5 Nh5 9. h4 c5 10. Bxb8 Rxb8 11. dxc5 Bxc5 12. Nd4 Bxd4 13. Qxd4 g6 14. Be2 Ng7 15. O-O-O Qc7 16. h5 b5 17. h6 Nf5 18. Qf6 Qe7 19. Qe5 Qd6 20. Qxd6 Nxd6 21. e4 {1-0 Carlsen,M (2876)-Sjugirov,S (2662) Chess24 Banter Blitz Cup 2019 (6.5)}) 7. h4 ({RR} 7. Bg2 Nxc3 8. Nxc3 Nd7 9. Qd3 c5 10. dxc5 Bxc5 11. Bg3 O-O 12. O-O-O Qg5 13. Qe2 Bb4 14. h4 Qe7 15. Qd3 Bd6 16. e4 Nc5 17. Qe3 Bxg3 18. Qxg3 Nxe4 19. Nxe4 dxe4 20. Bxe4 e5 21. g5 Kh8 {½-½ Chaulagain,P (1906)-Malygin,V (2268) Asian Cities Teams 2024 (4.1)}) 7... c5 $146 ({RR} 7... Bd7 8. f3 Nxc3 9. bxc3 Be7 10. Bg3 Bb5 11. Bg2 Nd7 12. e4 c6 13. a4 Bxe2 14. Qxe2 Qa5 15. Qd3 Nb6 16. Kf2 Nxa4 17. c4 b5 18. cxd5 cxd5 19. exd5 O-O 20. d6 Bd8 21. Rhc1 Rc8 22. c4 {½-½ Schiller,J (1871)-Nagel,B (2180) Bremen Silvester op 2021 (2)}) ({RR} 7... e5 8. Bxe5 Bxg4 9. Qd3 f6 10. Bf4 Bd7 11. a4 Bf5 12. Bh3 Bg6 13. Qd1 Bh5 14. Qd3 Bg6 15. Qd1 O-O 16. f3 Nd6 17. h5 Bxh5 18. Be6+ Bf7 19. Bxf7+ Rxf7 20. Qd3 g6 21. O-O-O c6 22. Rdg1 {1-0 Ratkovic,P (2051)-Kulnev,A (2173) Rain Band 1 2023 (9.2)}) 8. f3 Nf6 9. a3 Bxc3+ 10. Nxc3 cxd4 11. exd4 Nc6 12. Qd2 b5 13. Ne2 Qb6 14. c3 Na5 15. Nc1 Nc4 16. Qh2 Qc6 17. Nd3 Nd7 18. Nb4 Qb7 19. Nd3 Qc6 20. Nb4 Qb7 21. Nd3 Qc6 22. Nb4 Qb7 23. Nd3 Qc6 1/2-1/2

[Event "45th Olympiad 2024"]
[Site "Budapest HUN"]
[Date "2024.09.15"]
[Round "5.72"]
[Board "2"]
[White "David Leroy Debblay"]
[Black "Lam Kin Cheung, Stephane"]
[Result "1-0"]
[WhiteElo "1904"]
[BlackElo "1677"]
[PlyCount "161"]
[EventDate "2024.09.11"]
[WhiteTeam "Liberia"]
[BlackTeam "Mauritius"]
[WhiteTeamCountry "LBR"]
[BlackTeamCountry "MRI"]

1. d4 c5 2. d5 Nf6 3. Nc3 d6 4. e4 g6 5. f4 Bg7 6. Nf3 O-O 7. Be2 Nbd7 ({RR} 7... e6 8. O-O exd5 9. e5 dxe5 10. fxe5 Ng4 11. Bg5 f6 12. exf6 Nxf6 13. Nxd5 Qxd5 14. Bxf6 Qxd1 15. Bc4+ Kh8 16. Bxg7+ Kxg7 17. Raxd1 Nc6 18. Rd5 b6 19. Rd6 Na5 20. Bd5 Ba6 21. Re1 Rad8 22. Re7+ {1-0 Khamrakulov,I (2495)-Garza Marco,S (2434) La Roda op 38th 2011 (6)}) 8. O-O ({RR} 8. Be3 Ng4 9. Bg1 Qa5 10. h3 Bxc3+ 11. bxc3 Qxc3+ 12. Nd2 Qg3+ 13. Kf1 Qxf4+ 14. Nf3 Ngf6 15. Bd3 Nxe4 16. Bh2 Ng3+ 17. Bxg3 Qxg3 18. c4 Nf6 19. Qd2 e6 20. dxe6 fxe6 21. Qf2 {0-1 Lavrishchev,M (1175)-Karmishyn,V Minsk Kupreichik Memorial rapid 2019 (9)}) 8... a6 9. a4 Rb8 $146 ({RR} 9... b6 10. Bc4 Ne8 11. Re1 Nc7 12. e5 dxe5 13. fxe5 h6 14. Bf4 Ne8 15. Qd3 g5 16. Bg3 Bb7 17. Rad1 Nc7 18. Ne4 g4 19. Nfg5 Nxe5 20. Bxe5 Bxe5 21. Nf6+ {1-0 Fernandez Gonzalez,S-Del Pozo Hernandez,J Asturias-chT Primera B 1998 (4)}) ({RR} 9... b6 10. Kh1 Qc7 11. Be3 Bb7 12. h3 Rfe8 13. Nh4 e6 14. Bg1 exd5 15. exd5 Ne4 16. Nxe4 Rxe4 17. c3 Rae8 18. Bd3 R4e7 19. f5 c4 20. Bc2 Nf6 21. Bd4 g5 22. Nf3 h6 23. Nh2 Re2 24. Bxf6 {½-½ Steves,D (1986)-Jentzsch,D (1643) Duisburg Grossenbaum op 2004 (5)}) ({RR} 9... Ne8 10. Qe1 e5 11. dxe6 fxe6 12. Ng5 Ndf6 13. Bc4 d5 14. exd5 exd5 15. Ba2 Nc7 16. Be3 Qd6 17. Nce4 Nxe4 18. Nxe4 Qc6 19. Nxc5 Re8 20. Qf2 Bxb2 21. Bd4 Bxa1 22. Bxa1 Ne6 23. Nxe6 Qxe6 24. Qh4 {1-0 Barraza Caracuel,I-Campoy Perez,J ESP-ch 40th Benidorm 1975 (10)}) 10. h3 Ne8 11. Be3 Nc7 12. a5 b5 13. axb6 Nxb6 14. Qd2 Qd7 15. Rfd1 Nb5 16. e5 Bb7 17. Nxb5 axb5 18. Qa5 Nxd5 19. Bxb5 Bc6 20. Bxc6 Qxc6 21. Qa3 Nxe3 22. Qxe3 Rxb2 23. Qd3 Rd8 24. Ra6 Rb6 25. Ra7 e6 26. Ng5 Rd7 27. Rxd7 Qxd7 28. Ne4 d5 29. Nxc5 Qb5 30. Nb3 Qxd3 31. Rxd3 Rc6 32. Nd4 Rc4 33. c3 Bf8 34. g4 Bc5 35. Kg2 Bb6 36. Ne2 Kg7 37. g5 Re4 38. Kf3 h6 39. h4 hxg5 40. hxg5 Rc4 41. Rd1 Re4 42. Rd3 Rc4 43. Rd2 Kf8 44. Rb2 Ba5 45. Rb3 Ke7 46. Ke3 Kd7 47. Rb7+ Bc7 48. Kd3 Kc6 49. Ra7 Rc5 50. Nd4+ Kd7 51. Nb3 Rb5 52. Kc2 Kc8 53. Nd4 Ra5 54. Rxa5 Bxa5 55. Nb5 Kd7 56. Kd3 Bb6 57. Nd6 Bc5 58. Nxf7 Ke7 59. Nh8 Bf2 60. Nxg6+ Kf7 61. f5 Bg3 62. Ke3 exf5 63. Nf4 Be1 64. g6+ Kg7 65. e6 Kf6 66. Kd4 Bg3 67. Nh5+ Kxe6 68. Nxg3 f4 69. Nh5 f3 70. g7 Kf7 71. Ke3 d4+ 72. cxd4 f2 73. Kxf2 Kg8 74. d5 Kh7 75. d6 Kg8 76. d7 Kh7 77. Kg3 Kg8 78. d8=Q+ Kh7 79. Qh8+ Kg6 80. g8=Q+ Kf5 81. Qg4# 1-0

[Event "45th Olympiad 2024"]
[Site "Budapest HUN"]
[Date "2024.09.15"]
[Round "5.72"]
[Board "3"]
[White "Lee Luen Mang, Stefan"]
[Black "Obediah Saah"]
[Result "0-1"]
[WhiteElo "1803"]
[BlackElo "1976"]
[PlyCount "124"]
[EventDate "2024.09.11"]
[WhiteTeam "Mauritius"]
[BlackTeam "Liberia"]
[WhiteTeamCountry "MRI"]
[BlackTeamCountry "LBR"]

1. e4 e6 2. d4 d5 3. e5 c5 4. c3 Nc6 5. Nf3 Qb6 6. Bd3 Bd7 7. dxc5 Bxc5 8. O-O Bf8 ({RR} 8... Nh6 9. b4 Be7 10. Bf4 Rd8 11. b5 Na5 12. Bxh6 gxh6 13. a4 Nc4 14. Bxc4 dxc4 15. Qc1 a6 16. Qxh6 axb5 17. axb5 Rg8 18. Qxh7 Kf8 19. Na3 Bxb5 20. Nxb5 Qxb5 21. Qe4 Qd5 22. Qxd5 Rxd5 23. Rfb1 {½-½ Bjelajac,M (2375)-Ivanovic,B (2470) YUG-Cup 36th 1993 (6)}) ({RR} 8... Rc8 9. b4 Bf8 10. a4 Nge7 11. Bf4 Ng6 12. Bg3 Be7 13. Qe2 O-O 14. h4 Qd8 15. Nbd2 Be8 16. Nb3 Nxh4 17. Nxh4 Bxh4 18. Qh5 {1-0 Munoz Monroy,C (1895)-Raigosa,A (1831) COL-ch U20 Girls 2014 (7)}) 9. Re1 $146 ({RR} 9. Qc2 Nge7 10. Bg5 Ng6 11. Re1 Be7 12. Bxe7 Ncxe7 13. Nbd2 O-O 14. Nb3 Rac8 15. Qd2 Bc6 16. Nbd4 Qc7 17. h4 Rfe8 18. h5 Nf8 19. h6 g6 20. Qg5 Nd7 21. Nh4 Kf8 22. Nxe6+ fxe6 23. Nxg6+ Nxg6 {0-1 Ruikys,M-Dzikia,A Sea festival 2003 (2)}) ({RR} 9. b4 a6 10. a4 Nge7 11. Be3 Qc7 12. Bf4 Ng6 13. Bxg6 hxg6 14. Re1 Be7 15. Na3 Qd8 16. Nc2 g5 17. Bg3 Kf8 18. Ncd4 g4 19. Nxc6 bxc6 20. Nd4 Bh4 21. Qxg4 Bxg3 22. fxg3 Rh6 23. Rf1 Kg8 {0-1 Madruga Diego,F (1397)-Ontiveros Lopez,F (1639) Andalucia-ch Seniors 1112 2012 (6)}) ({RR} 9. b4 a6 10. a4 Nge7 11. Be3 Qc7 12. Bf4 Ng6 13. Bxg6 hxg6 14. Re1 Be7 15. Na3 Qd8 16. Nc2 g5 17. Bg3 Kf8 18. Ncd4 g4 19. Nxc6 bxc6 20. Nd4 Bh4 21. Qxg4 Bxg3 22. fxg3 Rh6 23. Rf1 Kg8 {1-0 Marquez Polvillo,B (1738)-Alfaro Rincon,J (1793) Andalucia-ch Seniors 1112 2012 (6)}) 9... Nge7 10. h4 Ng6 11. h5 Nge7 12. a4 Na5 13. Na3 a6 14. b4 Nac6 15. Rb1 Qc7 16. a5 Na7 17. Qb3 Rc8 18. Be3 Nb5 19. Nxb5 Bxb5 20. Bxb5+ axb5 21. Rbc1 Nc6 22. Bb6 Qd7 23. Qb1 Be7 24. Qd3 O-O 25. Nd2 Bg5 26. Bc5 Rfe8 27. g3 Bxd2 28. Qxd2 Nxa5 29. h6 Qd8 30. Qf4 Nb3 31. hxg7 Nxc1 32. Rxc1 b6 33. Bd4 Qc7 34. Kg2 Qc4 35. Re1 Qd3 36. g4 Ra8 37. f3 Ra2+ 38. Kg3 Qc2 39. Qh6 Qg2+ 40. Kf4 Qd2+ 41. Re3 Rb2 42. Bxb6 Rc8 43. Qf6 Rc2 44. Bd4 Rc1 45. Qh4 Rg1 46. Qh3 Rg2 47. Kg5 Re2 48. f4 Rxe3 49. Qxe3 Qxe3 50. Bxe3 Rxc3 51. Bd2 Rd3 52. Be1 Kxg7 53. f5 h6+ 54. Kf4 Rd4+ 55. Kf3 Re4 56. Bc3 Kh7 57. f6 Kg6 58. Kf2 Rxg4 59. Kf3 Kf5 60. Bd2 h5 61. Bc3 h4 62. Kf2 h3 0-1

[Event "45th Olympiad 2024"]
[Site "Budapest HUN"]
[Date "2024.09.15"]
[Round "5.72"]
[Board "4"]
[White "Arnold Smith"]
[Black "Naipal, Hoolan"]
[Result "1/2-1/2"]
[WhiteElo "1915"]
[BlackElo "1851"]
[PlyCount "112"]
[EventDate "2024.09.11"]
[WhiteTeam "Liberia"]
[BlackTeam "Mauritius"]
[WhiteTeamCountry "LBR"]
[BlackTeamCountry "MRI"]

1. e4 e5 2. Nf3 Nc6 3. Bb5 a6 4. Ba4 Nf6 5. d3 b5 6. Bb3 Bc5 7. c3 d6 8. O-O h6 9. h3 O-O 10. a4 Rb8 11. axb5 axb5 12. Nbd2 Re8 13. Re1 Bb6 14. Nf1 Ne7 15. d4 Ng6 16. Ng3 Bb7 ({RR} 16... c5 17. Bc2 cxd4 18. cxd4 Bb7 19. Be3 exd4 20. Bxd4 Rc8 21. Bd3 Bxd4 22. Nxd4 Qb6 23. Nxb5 d5 24. Bf1 Nxe4 25. Qd4 Qxd4 26. Nxd4 Nxg3 27. fxg3 Re4 28. Red1 Ne5 29. Ra7 Rb8 30. b4 Rxd4 31. Rxd4 {½-½ Korobov,A (2658)-Praggnanandhaa,R (2738) FIDE Grand Swiss 2023 (10.9)}) 17. Bc2 Ra8 $146 ({RR} 17... exd4 18. cxd4 c5 19. d5 c4 20. Be3 Bxe3 21. Rxe3 Nd7 22. Nd4 Qb6 23. Ngf5 Nde5 24. g3 Bc8 25. Kh2 Bxf5 26. exf5 Nf8 27. f6 g6 28. Qd2 Nfd7 29. f4 c3 30. Qe2 Qxd4 31. fxe5 Nxe5 {0-1 Ravot,S (2223)-Ibadov,D (2308) Titled Tue 22nd Nov Early 2022 (3)}) ({RR} 17... Qd7 18. Be3 c5 19. d5 Bc8 20. c4 Nf4 21. cxb5 Nxg2 22. Kxg2 Qxh3+ 23. Kg1 Ng4 24. Nf1 f5 25. exf5 e4 26. N3h2 Bxf5 27. Ra3 Qh4 28. Ra4 Re5 29. Qd2 Rf8 30. Ra6 Bd8 31. Bf4 e3 32. Nxe3 {0-1 Lane,G (2379)-Trent,L (2471) GBR-ch 96th Torquay 2009 (8)}) 18. Rxa8 Qxa8 19. d5 Rd8 20. Qe2 c6 21. dxc6 Bxc6 22. Bd3 Qb7 23. Be3 Nf4 24. Bxf4 exf4 25. Nf5 d5 26. e5 Ne4 27. N5d4 Ra8 28. Bxb5 Bxb5 29. Qxb5 Rb8 30. c4 dxc4 31. Qxc4 Ng5 32. e6 Bxd4 33. Nxd4 Nxe6 34. Nxe6 fxe6 35. Qxe6+ Kh8 36. Rb1 f3 37. g3 Qb4 38. Qe3 Qf8 39. Qf4 Qxf4 40. gxf4 Rb3 41. Kf1 Kg8 42. Ke1 Kf7 43. Kd2 Kf6 44. Kc2 Rb5 45. b4 Kf5 46. Kc3 Kxf4 47. Kc4 Rb7 48. b5 g5 49. b6 h5 50. Kc5 g4 51. Rb4+ Kg5 52. hxg4 hxg4 53. Kd4 g3 54. fxg3 f2 55. Rb1 Rxb6 56. Rf1 Kg4 1/2-1/2

[Event "45th Olympiad 2024"]
[Site "Budapest HUN"]
[Date "2024.09.15"]
[Round "5.73"]
[Board "1"]
[White "Eichab, Charles"]
[Black "Al-Hajiri, Bader"]
[Result "0-1"]
[WhiteElo "2013"]
[BlackElo "1947"]
[PlyCount "78"]
[EventDate "2024.09.11"]
[WhiteTeam "Namibia"]
[BlackTeam "Kuwait"]
[WhiteTeamCountry "NAM"]
[BlackTeamCountry "KUW"]

1. c4 e5 2. Nf3 e4 3. Nd4 Nc6 4. e3 Nxd4 5. exd4 d5 6. d3 exd3 ({RR} 6... Nf6 7. Nc3 Bf5 8. dxe4 Nxe4 9. Bd3 c6 10. O-O Be7 11. Qf3 Bg6 12. Nxe4 dxe4 13. Bxe4 Qxd4 14. Bxc6+ Kf8 15. Bxb7 Rd8 16. Bd5 h5 17. Rd1 Qe5 18. Qf4 Bf6 19. Qxe5 Bxe5 20. Re1 Bf6 21. a4 {0-1 Rakhmanov,A (2596)-Aradhya,G (2418) CrunchLabs Masters PlayIn 2024 (4)}) 7. Bxd3 Nf6 8. O-O Be7 9. c5 $146 ({RR} 9. Nc3 c6 10. Bg5 dxc4 11. Bxc4 O-O 12. Re1 Bg4 13. Qd3 Qd7 14. h3 Bf5 15. Rxe7 Bxd3 16. Rxd7 Bxc4 17. Bxf6 gxf6 18. Rxb7 {1-0 Kottnauer,C-Druon,R Paris Caissa Easter  1963 (9)}) 9... c6 10. Re1 O-O 11. h3 Nd7 12. Nd2 Bf6 13. Nf3 Re8 14. Bf4 Nf8 15. Ne5 g6 16. Bh2 Ne6 17. Bc2 Bd7 18. Qd3 b6 19. b4 a5 20. a3 axb4 21. axb4 Rxa1 22. Rxa1 bxc5 23. bxc5 Nxc5 24. Qf3 Ne6 25. Nxd7 Bxd4 26. Be5 Qxd7 27. Qf6 Bxe5 28. Qxe5 Nc5 29. Qd4 Ne4 30. Bxe4 Rxe4 31. Ra8+ Re8 32. Ra7 Qd6 33. g3 c5 34. Qd3 Qe6 35. Kh2 d4 36. Rc7 Qd6 37. Ra7 Qd5 38. Qd2 d3 39. Qf4 d2 0-1